[Event "S&WYM"]
[Site "Millfield School ENG"]
[Date "2002.07.12"]
[Round "4"]
[White "Middelburg,T"]
[Black "Dearing,E"]
[Result "1-0"]
[WhiteElo "2382"]
[BlackElo "2343"]
[EventDate "2002.07.10"]

1. e4 d6 2. d4 g6 3. Nc3 Bg7 4. Be3 a6 5. Qd2 Nd7 6. f3 b5 7. a4 b4 8. Nd1
Rb8 9. h4 h5 10. Nh3 Ngf6 11. Ng5 O-O 12. Nf2 c5 13. dxc5 Nxc5 14. Nd3 Qa5
15. Be2 Nfd7 16. O-O Nxd3 17. cxd3 Nc5 18. Bd1 f6 19. d4 fxg5 20. dxc5 dxc5
21. Bb3+ Kh7 22. hxg5 Rb7 23. f4 Rd7 24. Qe2 Bb7 25. f5 Bxe4 26. fxg6+ Bxg6
27. Bc2 Bxc2 28. Qxc2+ Kh8 29. Qg6 Rd6 30. Qxh5+ Kg8 31. g6 Rff6 32. Qh7+
Kf8 33. Bh6 Ke8 34. Bxg7 Rxg6 35. Be5 Rde6 36. Rad1 1-0

[Event "S&WYM"]
[Site "Millfield School ENG"]
[Date "2002.07.12"]
[Round "4"]
[White "Koster,R"]
[Black "Pinter,G"]
[Result "0-1"]
[WhiteElo "2226"]
[BlackElo "2381"]
[EventDate "2002.07.10"]

1. c4 Nf6 2. d4 g6 3. Nc3 Bg7 4. e4 d6 5. Nf3 O-O 6. h3 Na6 7. Bg5 Qe8 8.
Be2 e5 9. d5 Nc5 10. Nd2 a5 11. b3 h6 12. Be3 Nh7 13. Qc2 f5 14. O-O-O Nf6
15. Nb5 Qe7 16. Bxc5 dxc5 17. Bd3 Ne8 18. Nb1 c6 19. N5c3 Nd6 20. h4 h5 21.
Qe2 Qf7 22. f3 cxd5 23. cxd5 Bd7 24. Na3 a4 25. Nc4 Qe7 26. Nxd6 Qxd6 27.
Bb5 axb3 28. axb3 c4 29. Bxc4 b5 30. Bxb5 Bxb5 31. Qxb5 Rfc8 32. Kc2 fxe4
33. fxe4 Ra2+ 34. Kd3 Rxg2 35. Rhg1 Rh2 36. Rh1 Rf2 37. Rdf1 Qf6 38. Rxf2
Qxf2 39. Qc6 Rxc6 40. dxc6 Qd4+ 41. Kc2 Qc5 42. Ra1 Qxc6 43. b4 Bf6 44. b5
Qb7 45. Nd5 Bd8 46. Rb1 Bxh4 47. b6 Bd8 48. Kd1 g5 49. Ra1 h4 50. Ra7 Qb8
51. Rd7 h3 0-1

[Event "S&WYM"]
[Site "Millfield School ENG"]
[Date "2002.07.12"]
[Round "4"]
[White "Broomfield,M"]
[Black "Williams,Si"]
[Result "1/2-1/2"]
[WhiteElo "2229"]
[BlackElo "2421"]
[EventDate "2002.07.10"]

1. Nf3 f5 2. d4 e6 3. e3 Nf6 4. c4 b6 5. Bd3 Bb7 6. O-O Bd6 7. b3 O-O 8.
Bb2 Ne4 9. Ne5 Rf6 10. f3 Ng5 11. Nd2 Rh6 12. Qe1 Qe8 13. e4 Bxe5 14. dxe5
f4 15. Rf2 Nc6 16. Nf1 Nf7 17. Qc3 Qf8 18. a3 a5 19. Rc1 Qc5 20. Bb1 Rg6
21. Qd2 Rf8 22. Kh1 Bc8 23. Qe1 Rg5 24. Nd2 Nfxe5 25. Bc2 Rh5 26. Nb1 Qe7
27. Nc3 Qh4 28. h3 Nd4 29. Qf1 Qg3 30. Ne2 Nxe2 31. Qxe2 Rf6 32. b4 Rfh6
33. Bxe5 Rxe5 34. c5 bxc5 35. bxa5 c4 36. Bb3 d5 37. Ba4 Reh5 38. Rb1 dxe4
39. Rb8 exf3 40. Rxc8+ Kf7 41. Rxc7+ Kf6 42. Qb2+ Re5 43. Rc5 fxg2+ 44. Kg1
Rhh5 45. Qd4 f3 1/2-1/2

[Event "S&WYM"]
[Site "Millfield School ENG"]
[Date "2002.07.12"]
[Round "4"]
[White "Martyn,R"]
[Black "Gladyszev,O"]
[Result "1-0"]
[WhiteElo "2201"]
[BlackElo "2388"]
[EventDate "2002.07.10"]

1. d4 Nf6 2. c4 g6 3. Nc3 Bg7 4. e4 d6 5. Nf3 O-O 6. h3 e5 7. d5 a5 8. Be3
Na6 9. g4 Nc5 10. Nd2 Ne8 11. g5 f5 12. h4 Bd7 13. h5 Rf7 14. Nf3 f4 15.
Bxc5 dxc5 16. Bh3 Bxh3 17. Rxh3 Qd7 18. Rh1 gxh5 19. Rxh5 Nd6 20. Qe2 Nxc4
21. O-O-O b5 22. Rdh1 b4 23. Na4 Qb5 24. b3 Nd6 25. Qxb5 Nxb5 26. Nxc5 c6
27. d6 Nxd6 28. Rxh7 Re8 29. g6 Rf6 30. Nh4 Nb5 31. Nd7 Rd6 32. Rxg7+ Kxg7
33. Nf5+ Kxg6 34. Rh6+ Kg5 35. Nxd6 Re7 36. Nc5 Kxh6 37. Nf5+ Kg5 38. Nxe7
f3 39. Nxc6 Kf4 40. Kd2 Nc3 41. a4 1-0

[Event "S&WYM"]
[Site "Millfield School ENG"]
[Date "2002.07.12"]
[Round "4"]
[White "Sinkevich,P"]
[Black "Jones,G"]
[Result "1/2-1/2"]
[WhiteElo "2337"]
[BlackElo "2237"]
[EventDate "2002.07.10"]

1. e4 c5 2. Nf3 d6 3. c3 Nf6 4. Bd3 Nc6 5. Bc2 Bg4 6. d3 g6 7. Nbd2 Bg7 8.
h3 Bxf3 9. Nxf3 O-O 10. O-O b5 11. d4 Qc7 12. Qe2 cxd4 13. cxd4 Rfc8 14.
Bd3 a6 15. a3 Na5 16. Bg5 h6 17. Bxf6 exf6 18. Rad1 d5 19. exd5 Re8 20. Qd2
Nc4 21. Qc3 Rac8 22. Rfe1 Rxe1+ 23. Rxe1 Qd8 24. Qb3 1/2-1/2

[Event "S&WYM"]
[Site "Millfield School ENG"]
[Date "2002.07.12"]
[Round "4"]
[White "Haslinger,S"]
[Black "Skjoldborg,J DEN"]
[Result "1/2-1/2"]
[WhiteElo "2310"]
[BlackElo "2201"]
[EventDate "2002.07.10"]

1. e4 e5 2. Nf3 Nc6 3. d4 exd4 4. Nxd4 Nf6 5. Nxc6 bxc6 6. e5 Qe7 7. Qe2
Nd5 8. c4 Ba6 9. b3 g5 10. g3 Bg7 11. Bb2 O-O-O 12. Nd2 Nb4 13. Kd1 c5 14.
Bg2 Bb7 15. f4 Bxg2 16. Qxg2 Kb8 1/2-1/2

[Event "S&WYM"]
[Site "Millfield School ENG"]
[Date "2002.07.12"]
[Round "4"]
[White "Trent,L"]
[Black "Erwich,Frank"]
[Result "0-1"]
[WhiteElo "2246"]
[BlackElo "2330"]
[EventDate "2002.07.10"]

1. e4 e5 2. Nf3 Nc6 3. d4 exd4 4. Nxd4 Bb4+ 5. c3 Bc5 6. Be3 Bb6 7. Qg4 Qf6
8. Qg3 Nxd4 9. cxd4 Ne7 10. Nc3 Qg6 11. Qh4 Ba5 12. Bd3 Nd5 13. O-O Nxe3
14. fxe3 c6 15. Rad1 d6 16. e5 Qg4 17. Qf2 Be6 18. d5 cxd5 19. Bb5+ Kd8 20.
Nxd5 a6 21. Be2 Qg5 22. b4 Qxe5 23. bxa5 Bxd5 24. e4 Bc6 25. Rxd6+ Qxd6 26.
Rd1 Qxd1+ 27. Bxd1 Ke8 28. Bb3 Rf8 29. Qd4 Rd8 30. Qxg7 Kd7 31. Bd5 Bxd5
32. exd5 h5 33. Qh6 Rc8 34. h3 Kc7 35. Qxh5 Kb8 36. Qe5+ Ka8 37. d6 Rce8
38. Qd5 Re6 39. d7 Rd8 40. Qc4 Rc6 41. Qxf7 Rc7 42. h4 Rcxd7 43. Qe6 Rd5
44. Kh2 Rxa5 45. Qf7 Rdd5 46. a4 Rd4 47. Qe8+ Ka7 48. Qe3 Raxa4 49. h5 Ka8
50. h6 Rh4+ 51. Kg3 Rag4+ 52. Kf3 Rg8 53. g3 Rh2 54. Qf4 Rh8 55. Qf7 R2xh6
56. g4 R6h7 57. Qg6 Rc7 58. g5 Rd8 59. Kg4 Rc4+ 60. Kg3 Rc6 61. Qf7 Rdd6
62. Qe8+ Ka7 63. Qe3+ Rb6 64. Kh4 Re6 65. Qc5 Re4+ 66. Kh3 Reb4 67. g6 R4b5
68. Qd4 Rb3+ 69. Kg2 R3b4 70. Qc5 Rg4+ 71. Kf2 Rgxg6 72. Kf3 Rgc6 73. Qd4
a5 74. Kg3 Ka6 75. Qd3+ Rb5 76. Qd8 Rbc5 77. Qa8+ Kb6 78. Qd8+ Kb5 79. Qd3+
Rc4 80. Qd5+ Ka6 81. Qd8 a4 82. Qa8+ Kb6 83. Qd8+ Kb5 84. Qd5+ Kb4 85. Qd7
b5 86. Qe7+ Kb3 87. Qe5 b4 88. Qd5 a3 89. Qd1+ Rc2 90. Qd5+ Kb2 91. Qd4+
R6c3+ 92. Kg4 b3 93. Qe5 a2 0-1

[Event "S&WYM"]
[Site "Millfield School ENG"]
[Date "2002.07.12"]
[Round "4"]
[White "Woodward,T"]
[Black "Addison,B"]
[Result "1/2-1/2"]
[WhiteElo "2211"]
[BlackElo "2219"]
[EventDate "2002.07.10"]

1. Nf3 d5 2. d4 e6 3. c4 c6 4. g3 f5 5. Bg2 Nf6 6. O-O Bd6 7. b3 Qe7 8. Bb2
O-O 9. Nbd2 b6 10. Rc1 Bb7 11. Ne5 Nbd7 12. cxd5 cxd5 13. Ndf3 Rfc8 14. Qd3
Ne4 15. Nxd7 Qxd7 16. Rfd1 a5 17. Bf1 a4 18. Rxc8+ Rxc8 19. Ne5 Qe8 20. f3
Nf6 21. a3 Ra8 22. Rc1 Ba6 23. Qc2 Rc8 24. Qd1 Rxc1 25. Bxc1 Bxe5 26. dxe5
Nd7 27. bxa4 Nc5 28. Be3 Qxa4 29. Qxa4 Nxa4 30. Kf2 Kf7 31. Bd4 Ke8 32. Bg2
Bc4 33. e4 g6 34. exd5 Bxd5 35. Bf1 Bc6 36. Bc4 Kd7 37. Ke3 Ke7 38. f4 Kd7
39. Bb3 b5 40. Kd2 Be4 41. Ke3 Bg2 42. Kf2 Be4 43. h3 h5 44. h4 Bc6 45. Ke3
Be4 46. Kd2 Bh1 47. Ke3 Be4 1/2-1/2

[Event "S&WYM"]
[Site "Millfield School ENG"]
[Date "2002.07.13"]
[Round "5"]
[White "Pinter,G"]
[Black "Middelburg,T"]
[Result "1-0"]
[WhiteElo "2381"]
[BlackElo "2382"]
[EventDate "2002.07.10"]

1. e4 c5 2. Nf3 d6 3. Bb5+ Nd7 4. d4 cxd4 5. Qxd4 Ngf6 6. Nc3 a6 7. Bxd7+
Bxd7 8. Bg5 e6 9. O-O-O h6 10. Bh4 Be7 11. Rhe1 Bc6 12. Nd5 exd5 13. exd5
O-O 14. dxc6 bxc6 15. Re2 Re8 16. Rde1 Nd5 17. c4 1-0

[Event "S&WYM"]
[Site "Millfield School ENG"]
[Date "2002.07.13"]
[Round "5"]
[White "Skytte,R"]
[Black "Mah,K"]
[Result "1/2-1/2"]
[WhiteElo "2366"]
[BlackElo "2409"]
[EventDate "2002.07.10"]

1. e4 c5 2. d4 cxd4 3. c3 dxc3 4. Nxc3 Nc6 5. Nf3 d6 6. Bc4 e6 7. O-O Nf6
8. Qe2 Be7 9. Rd1 e5 10. h3 O-O 11. Bg5 Be6 12. Rd2 Rc8 13. Bb5 Qc7 14. Ba4
a6 15. Rad1 Rfd8 16. Nd5 Bxd5 17. exd5 Nb4 18. Bb3 a5 19. Nxe5 a4 20. Bxa4
Ra8 21. Ng4 Rxa4 22. Bxf6 Bxf6 23. Nxf6+ gxf6 24. b3 Rxa2 25. Qg4+ Kh8 26.
Qxb4 Rxd2 27. Qxd2 Rc8 1/2-1/2

[Event "S&WYM"]
[Site "Millfield School ENG"]
[Date "2002.07.13"]
[Round "5"]
[White "Antal,Ge"]
[Black "Palliser,R"]
[Result "1-0"]
[WhiteElo "2492"]
[BlackElo "2441"]
[EventDate "2002.07.10"]

1. e4 c5 2. Nf3 d6 3. d4 cxd4 4. Nxd4 Nf6 5. Nc3 a6 6. Be2 e5 7. Nb3 Be7 8.
Be3 Be6 9. Nd5 Nbd7 10. Qd3 Bxd5 11. exd5 O-O 12. c4 Qc7 13. O-O Nc5 14.
Nxc5 dxc5 15. Rac1 e4 16. Qc2 Bd6 17. g3 Rae8 18. Rce1 Nd7 19. f4 exf3 20.
Bxf3 Ne5 21. Be4 Ng4 22. Bxh7+ Kh8 23. Qd1 Kxh7 24. Qxg4 Kg8 25. Bf4 Bxf4
26. Qxf4 Qxf4 27. gxf4 b5 28. b4 Rc8 29. Rc1 bxc4 30. Rxc4 cxb4 31. Rxb4
Rfd8 32. Rd1 Rc5 33. Rbd4 Kf8 34. Kf2 Rc2+ 35. R1d2 Rxd2+ 36. Rxd2 Ke7 37.
Ke3 Kd6 38. Kd4 Rb8 39. Rc2 Rb6 40. h4 f6 41. a3 Kd7 42. Rg2 Kd6 43. Rxg7
Rb5 44. Ke4 1-0

[Event "S&WYM"]
[Site "Millfield School ENG"]
[Date "2002.07.13"]
[Round "5"]
[White "Dearing,E"]
[Black "Martyn,R"]
[Result "1-0"]
[WhiteElo "2343"]
[BlackElo "2201"]
[EventDate "2002.07.10"]

1. c4 e5 2. g3 Nf6 3. Bg2 c6 4. d4 Bb4+ 5. Bd2 Bxd2+ 6. Qxd2 d6 7. Nc3 O-O
8. e3 Qe7 9. Nge2 Na6 10. h3 Re8 11. g4 h6 12. Ng3 exd4 13. Qxd4 Be6 14.
O-O Nc5 15. Rad1 a5 16. e4 Rad8 17. f4 Bc8 18. Rfe1 Qf8 19. Qf2 Be6 20. Rd4
Qe7 21. Red1 Qc7 22. e5 dxe5 23. Rxd8 Rxd8 24. Qxc5 Rxd1+ 25. Nxd1 Qd8 26.
Nc3 exf4 27. Nge2 Qd2 28. Qd4 Qxd4+ 29. Nxd4 Bxc4 30. Nf5 Ba6 31. Kf2 Kh7
32. Nd6 Kg8 33. Nce4 Nxe4+ 34. Bxe4 Kf8 35. Kf3 g6 36. Bc2 Ke7 37. Ne4 b6
38. Kxf4 Bc4 39. a3 c5 40. h4 f6 41. h5 1-0

[Event "S&WYM"]
[Site "Millfield School ENG"]
[Date "2002.07.13"]
[Round "5"]
[White "Williams,Si"]
[Black "Sinkevich,P"]
[Result "0-1"]
[WhiteElo "2421"]
[BlackElo "2337"]
[EventDate "2002.07.10"]

1. d4 d5 2. c4 c6 3. Nc3 Nf6 4. Nf3 a6 5. c5 Nbd7 6. Bf4 Nh5 7. Bg5 h6 8.
Bh4 g5 9. Bg3 Nxg3 10. hxg3 Bg7 11. e4 dxe4 12. Nxe4 Qa5+ 13. Nc3 g4 14.
Nh4 Nxc5 15. Be2 Ne4 16. Rc1 h5 17. O-O Nxc3 18. Rxc3 Be6 19. Bc4 Bxc4 20.
Rxc4 e6 21. Qc1 Rd8 22. Rd1 Rd5 23. Rc5 Qd8 24. Rxd5 Qxd5 25. Qf4 O-O 26.
f3 gxf3 27. Nxf3 c5 28. g4 cxd4 29. Re1 d3 30. gxh5 Qxh5 31. Qd6 Qb5 32. b3
Re8 33. Nd2 Qa5 34. Qf4 Qc5+ 35. Kf1 Rd8 36. Nf3 Qh5 37. Qc7 Qd5 38. Ne5
Rf8 39. Nf3 Rd8 40. Qg3 d2 41. Rd1 Qd3+ 42. Kf2 Qc2 43. Ke2 Qe4+ 44. Kf2
Qf5 45. Ke2 Qd3+ 46. Kf2 Kf8 47. Qh4 Bd4+ 48. Kg3 Be5+ 49. Kf2 Bd4+ 50. Kg3
Bc3 51. Kf2 Rd5 52. Qh6+ Ke8 53. b4 Qc2 54. Ke2 Qe4+ 55. Kf2 Qxb4 56. Qh7
Qc5+ 57. Kg3 Qe3 58. Qg8+ Ke7 59. Qg4 Be5+ 60. Kh3 Qh6+ 61. Qh4+ Qxh4+ 62.
Kxh4 Bc3 63. Kg4 f5+ 64. Kf4 Kf6 65. Ke3 e5 66. Ng1 e4 67. Ne2 Rd3+ 68. Kf2
Bd4+ 69. Kf1 Ke5 70. a4 b6 0-1

[Event "S&WYM"]
[Site "Millfield School ENG"]
[Date "2002.07.13"]
[Round "5"]
[White "Jones,G"]
[Black "Koster,R"]
[Result "1/2-1/2"]
[WhiteElo "2237"]
[BlackElo "2226"]
[EventDate "2002.07.10"]

1. e4 c5 2. Nc3 g6 3. f4 Bg7 4. Nf3 d6 5. d3 Nc6 6. g3 e6 7. Bg2 Nge7 8.
Be3 Nd4 9. O-O O-O 10. Qd2 Rb8 11. Nd1 b6 12. c3 Nxf3+ 13. Bxf3 Bb7 14. d4
f5 15. e5 cxd4 16. cxd4 Bxf3 17. Rxf3 Qd7 18. Nc3 Rfd8 19. Qe2 Bf8 20. Rd1
d5 21. a4 Nc6 22. Bd2 Rdc8 23. h3 Bb4 24. Be1 Bxc3 25. Rxc3 Ne7 26. Qb5 Qb7
27. Rdc1 Kf7 28. Rxc8 Rxc8 29. Rxc8 Qxc8 30. Bc3 h6 31. a5 Qc6 32. Qa6 Nc8
33. Kf2 Ke8 34. axb6 axb6 35. Ke3 Kd7 36. Kd2 Kd8 37. Qa3 Ke8 38. Qa6 Kf7
39. b3 Qc7 40. Bb4 Qc6 1/2-1/2

[Event "S&WYM"]
[Site "Millfield School ENG"]
[Date "2002.07.13"]
[Round "5"]
[White "Gladyszev,O"]
[Black "Broomfield,M"]
[Result "1-0"]
[WhiteElo "2388"]
[BlackElo "2229"]
[EventDate "2002.07.10"]

1. d4 Nf6 2. c4 e6 3. Nc3 Bb4 4. Qc2 O-O 5. a3 Bxc3+ 6. Qxc3 Ne4 7. Qc2 f5
8. Nh3 d6 9. f3 Nf6 10. Bd2 e5 11. dxe5 dxe5 12. Bb4 Re8 13. Rd1 Bd7 14. e3
Nc6 15. c5 Qe7 16. Bd2 h6 17. Bc4+ Kh8 18. b4 f4 19. Nf2 fxe3 20. Bxe3 Nd4
21. Qc1 b6 22. O-O bxc5 23. Rfe1 Ba4 24. Rd2 Qf8 25. Nd3 cxb4 26. Bxd4 exd4
27. Ne5 Rxe5 28. Rxe5 Nd7 29. Ra5 Nb6 30. Bb5 Qf5 31. Rxa4 Nxa4 32. Bxa4
Qa5 33. Bc6 Rb8 34. axb4 Qxb4 35. Rd1 a5 36. Qc2 Rd8 37. Qf5 Rf8 38. Qe4
Rd8 39. Qf5 Qb3 40. Rb1 Qg8 41. Qxa5 d3 42. Qxc7 d2 43. Rd1 Rc8 44. Qd7 Rd8
45. Qe7 1-0

[Event "S&WYM"]
[Site "Millfield School ENG"]
[Date "2002.07.13"]
[Round "5"]
[White "Erwich,Frank"]
[Black "Haslinger,S"]
[Result "1/2-1/2"]
[WhiteElo "2330"]
[BlackElo "2310"]
[EventDate "2002.07.10"]

1. c4 e5 2. Nc3 Nc6 3. g3 f5 4. Bg2 Nf6 5. e3 d5 6. Nxd5 Nxd5 7. cxd5 Nb4
8. d3 Nxd5 9. a3 c6 10. Ne2 Bd6 11. O-O Nf6 12. b4 Qe7 13. Nc3 a6 14. d4
O-O 15. dxe5 Bxe5 16. Bb2 Be6 17. Qe2 b5 18. Rfc1 Rac8 19. Na4 Bxb2 20.
Nxb2 c5 21. bxc5 Rxc5 22. a4 Ne4 23. Rxc5 Qxc5 24. axb5 axb5 25. Nd3 Qc3
26. Rc1 Qa3 27. Bf1 Rd8 28. Rc7 Qd6 29. Qc2 Bc4 30. Rxc4 bxc4 31. Qxc4+ Kh8
32. Be2 Qf6 33. Kg2 g5 34. f3 Nc3 35. Bf1 Nd5 36. Kf2 Ne7 37. Be2 Kg7 38.
Nc5 Rc8 39. Qb5 Qe5 40. Nb3 Qf6 41. Qd7 Rc3 1/2-1/2

[Event "S&WYM"]
[Site "Millfield School ENG"]
[Date "2002.07.13"]
[Round "5"]
[White "Skjoldborg,J DEN"]
[Black "Addison,B"]
[Result "0-1"]
[WhiteElo "2201"]
[BlackElo "2219"]
[EventDate "2002.07.10"]

1. e4 g6 2. d4 Bg7 3. Nc3 c6 4. Nf3 d6 5. h3 b5 6. Bd3 Nd7 7. Be3 Qc7 8.
Qd2 Bb7 9. O-O a6 10. a4 b4 11. Ne2 c5 12. c3 c4 13. Bb1 b3 14. d5 Ngf6 15.
Bh6 O-O 16. Qg5 Rfe8 17. Bxg7 Kxg7 18. Nfd4 e6 19. dxe6 fxe6 20. Ng3 Qc5
21. Qd2 Rad8 22. Kh1 e5 23. Ndf5+ gxf5 24. Nxf5+ Kh8 25. Nxd6 Bc6 26. Nf7+
Kg7 27. Nxd8 Rxd8 28. Qe2 Nf8 29. f4 Ng6 30. fxe5 Nxe5 31. Rf5 Qd6 32. Bd3
cxd3 33. Qd2 Bxe4 34. Rf2 Bg6 35. Raf1 Ne4 0-1

[Event "S&WYM"]
[Site "Millfield School ENG"]
[Date "2002.07.13"]
[Round "5"]
[White "Woodward,T"]
[Black "Trent,L"]
[Result "0-1"]
[WhiteElo "2211"]
[BlackElo "2246"]
[EventDate "2002.07.10"]

1. Nf3 Nf6 2. c4 g6 3. Nc3 Bg7 4. e4 d6 5. d4 O-O 6. Be2 e5 7. O-O exd4 8.
Nxd4 Re8 9. f3 Nc6 10. Be3 Nh5 11. Qd2 Nf4 12. Rfd1 Nxe2+ 13. Ncxe2 f5 14.
Nxc6 bxc6 15. Ng3 fxe4 16. Nxe4 Qe7 17. Bd4 Bf5 18. Re1 Qf7 19. Ng3 Be6 20.
b3 c5 21. Bc3 Bxc3 22. Qxc3 Qg7 23. Ne4 Bd7 24. Qxg7+ Kxg7 25. Kf2 Bc6 26.
Nc3 Kf6 27. Rad1 g5 28. Rh1 Rg8 29. Nd5+ Bxd5 30. Rxd5 a5 31. h4 g4 32.
fxg4 Rxg4 33. Kf3 Rag8 34. Rg5 h5 35. Rxh5 Rg3+ 36. Ke4 Rxg2 37. Rf1+ Ke6
38. Rh6+ Kd7 39. Rf7+ Kc6 40. Rhh7 Rc8 41. h5 Rxa2 42. h6 Rb2 43. Rhg7 Rxb3
44. h7 Rbb8 45. h8=Q Rxh8 46. Rxc7+ Kb6 47. Kd5 a4 48. Ra7 Rh4 49. Rxa4 Re8
0-1

[Event "S&WYM"]
[Site "Millfield School ENG"]
[Date "2002.07.14"]
[Round "6"]
[White "Antal,Ge"]
[Black "Pinter,G"]
[Result "1/2-1/2"]
[WhiteElo "2492"]
[BlackElo "2381"]
[EventDate "2002.07.10"]

1. e4 c5 2. Nf3 d6 3. d4 cxd4 4. Nxd4 Nf6 5. Nc3 g6 6. Be3 Bg7 7. f3 O-O 8.
Qd2 Nc6 9. O-O-O d5 10. exd5 Nxd5 11. Nxc6 bxc6 12. Nxd5 cxd5 13. Qxd5 Qc7
14. Qc5 Qb8 15. Qa3 Qc7 16. Qc5 Qb8 17. Qa3 1/2-1/2

[Event "S&WYM"]
[Site "Millfield School ENG"]
[Date "2002.07.14"]
[Round "6"]
[White "Mah,K"]
[Black "Middelburg,T"]
[Result "1/2-1/2"]
[WhiteElo "2409"]
[BlackElo "2382"]
[EventDate "2002.07.10"]

1. c4 Nf6 2. g3 c6 3. Bg2 d5 4. Nf3 Bg4 5. Ne5 Bf5 6. cxd5 cxd5 7. Qa4+
Nbd7 8. Nc3 e6 9. g4 Bg6 10. h4 a6 11. Nxd7 Qxd7 12. Qxd7+ Kxd7 13. h5 Bc2
14. d3 d4 15. Kd2 dxc3+ 16. Kxc2 cxb2 17. Bxb2 Rc8+ 18. Kb3 Nxg4 19. Bf3
Nh6 20. Rac1 f6 21. Ka4 Rc7 22. Rhg1 Nf5 23. Rxc7+ Kxc7 24. e4 Ne7 25. e5
f5 26. Ba3 g6 27. Bd6+ Kc8 28. Rc1+ Nc6 29. Bxf8 Rxf8 30. Bxc6 bxc6 31.
Rxc6+ Kb7 32. Rxe6 Rd8 33. Re7+ Kc6 34. Rxh7 gxh5 35. Rxh5 Rd4+ 36. Ka5 Rf4
37. d4 Kd5 38. Rh8 Rxd4 39. Rd8+ Kxe5 40. Rxd4 Kxd4 41. Kxa6 f4 42. a4 f3
43. a5 Kd3 44. Kb6 Ke2 45. a6 Kxf2 46. a7 Kg1 47. a8=Q f2 48. Qg8+ Kh1
1/2-1/2

[Event "S&WYM"]
[Site "Millfield School ENG"]
[Date "2002.07.14"]
[Round "6"]
[White "Sinkevich,P"]
[Black "Dearing,E"]
[Result "1/2-1/2"]
[WhiteElo "2337"]
[BlackElo "2343"]
[EventDate "2002.07.10"]

1. e4 d6 2. d4 g6 3. Nf3 Bg7 4. Be2 Nf6 5. Nc3 O-O 6. O-O a6 7. a4 b6 8.
Re1 Bb7 9. Bf1 e6 10. h3 Nc6 11. Be3 h6 12. Qd2 Kh7 13. Rad1 Ne7 14. Bd3
Nd7 15. Qe2 c5 16. dxc5 1/2-1/2

[Event "S&WYM"]
[Site "Millfield School ENG"]
[Date "2002.07.14"]
[Round "6"]
[White "Skytte,R"]
[Black "Jones,G"]
[Result "1/2-1/2"]
[WhiteElo "2366"]
[BlackElo "2237"]
[EventDate "2002.07.10"]

1. e4 c5 2. Nf3 d6 3. Bc4 Nc6 4. d4 cxd4 5. Nxd4 Nf6 6. Nc3 g6 7. Nxc6 bxc6
8. e5 Nd7 9. exd6 exd6 10. O-O Ne5 11. Be2 h5 12. h3 Be6 13. Be3 Bg7 14.
Ne4 d5 15. Nc5 Bf5 16. Bd4 O-O 17. b3 Re8 18. c3 1/2-1/2

[Event "S&WYM"]
[Site "Millfield School ENG"]
[Date "2002.07.14"]
[Round "6"]
[White "Palliser,R"]
[Black "Martyn,R"]
[Result "1-0"]
[WhiteElo "2441"]
[BlackElo "2201"]
[EventDate "2002.07.10"]

1. Nf3 Nf6 2. c4 e6 3. Nc3 Bb4 4. g4 h6 5. Rg1 b6 6. d3 Bb7 7. e4 Bxc3+ 8.
bxc3 d6 9. Qe2 Nbd7 10. Be3 Qe7 11. Nd4 g5 12. h4 Nh7 13. a4 a5 14. Bg2
Nhf8 15. h5 Nc5 16. Nb5 e5 17. d4 Nce6 18. f3 Nf4 19. Qd2 N8e6 20. Kf2 Nxg2
21. Kxg2 O-O 22. Rgd1 Rfd8 23. Rab1 Ba6 24. Qa2 Kg7 25. Na3 Kg8 26. Nc2
Nf4+ 27. Bxf4 gxf4 28. Na3 Qh4 29. Qf2 Qxf2+ 30. Kxf2 f6 31. Ke2 Kf7 32.
Kd2 Ke7 33. Kc2 Rg8 34. Kb3 Rab8 35. Nc2 Bc8 36. Ne1 Be6 37. d5 Bd7 38. Ng2
Kf7 39. Nh4 Rge8 40. Rg1 Rg8 41. Ra1 Bc8 42. Rab1 Ba6 43. Nf5 Rh8 44. Rg2
Rbe8 45. c5 bxc5 46. Ka3 Rd8 47. Rgb2 Rc8 48. c4 Rcd8 49. Rb7 Bxb7 50. Rxb7
Rd7 51. Ra7 Rb8 52. Rxa5 Rb1 53. Ra8 c6 54. Nxh6+ Kg7 55. Nf5+ Kh7 56. dxc6
Rc7 57. a5 Rxc6 58. Ra7+ Kh8 59. h6 Rc8 60. Ne7 1-0

[Event "S&WYM"]
[Site "Millfield School ENG"]
[Date "2002.07.14"]
[Round "6"]
[White "Koster,R"]
[Black "Gladyszev,O"]
[Result "0-1"]
[WhiteElo "2226"]
[BlackElo "2388"]
[EventDate "2002.07.10"]

1. d4 Nf6 2. c4 g6 3. Nc3 Bg7 4. e4 d6 5. Nf3 O-O 6. Be2 e5 7. O-O Nc6 8.
d5 Ne7 9. Ne1 Nd7 10. Be3 f5 11. f3 f4 12. Bf2 g5 13. a4 Rf6 14. a5 a6 15.
Nd3 Qe8 16. b4 Rh6 17. Kh1 Nf6 18. Re1 Qh5 19. Bg1 Qh4 20. Nf2 Nh5 21. h3
Ng3+ 22. Kh2 Rg6 23. Ra3 h5 24. c5 Bh6 25. cxd6 cxd6 26. Ng4 hxg4 27. fxg4
Nxe2 28. Qxe2 Bxg4 29. Qf1 Qg3+ 30. Kh1 f3 31. hxg4 fxg2+ 0-1

[Event "S&WYM"]
[Site "Millfield School ENG"]
[Date "2002.07.14"]
[Round "6"]
[White "Trent,L"]
[Black "Williams,Si"]
[Result "1-0"]
[WhiteElo "2246"]
[BlackElo "2421"]
[EventDate "2002.07.10"]

1. e4 e6 2. d4 d5 3. Nd2 Nf6 4. e5 Nfd7 5. Bd3 c5 6. c3 Nc6 7. Ne2 cxd4 8.
cxd4 f6 9. exf6 Nxf6 10. Nf3 Bd6 11. O-O Qc7 12. Bg5 O-O 13. Rc1 Nh5 14.
Ng3 Nf4 15. Bb1 g6 16. Bh6 Rf6 17. a3 a5 18. Rc3 Qb6 19. Qd2 Bd7 20. Re1
Be8 21. Kh1 a4 22. Ba2 Kh8 23. Bb1 Qa7 24. Qe3 Bd7 25. Ne5 Bxe5 26. dxe5 d4
27. Qe4 Nh3 28. gxh3 Rxf2 29. Rf3 Ne7 30. Qf4 Rxf3 31. Qxf3 Nf5 32. Bg5 Rc8
33. Nxf5 exf5 34. Bf6+ 1-0

[Event "S&WYM"]
[Site "Millfield School ENG"]
[Date "2002.07.14"]
[Round "6"]
[White "Addison,B"]
[Black "Erwich,Frank"]
[Result "1-0"]
[WhiteElo "2219"]
[BlackElo "2330"]
[EventDate "2002.07.10"]

1. d4 Nf6 2. c4 c5 3. d5 b5 4. cxb5 a6 5. b6 e6 6. Nc3 Nxd5 7. Nxd5 exd5 8.
Qxd5 Nc6 9. Nf3 Rb8 10. e4 Be7 11. Bc4 O-O 12. O-O Rxb6 13. b3 d6 14. Bf4
Be6 15. Qd3 Qc8 16. Rfd1 Rd8 17. Rac1 a5 18. h3 h6 19. Bd5 Nb4 20. Qd2 Nxd5
21. exd5 Bf5 22. Qe3 Bf6 23. Nd2 Bb2 24. Rc4 Ra6 25. Re1 Bd4 26. Qe2 Bd7
27. Rcc1 Qb7 28. Qf3 Bc8 29. Nc4 Qd7 30. Be3 Bxe3 31. Rxe3 Qf5 32. Qe2 Bd7
33. Qd2 Bb5 34. Rf3 Qd7 35. Rg3 Kh7 36. Qc3 f5 37. Re1 Qf7 38. Re6 Bxc4 39.
Qxc4 Ra7 40. Rge3 Rdd7 41. Qf4 a4 42. bxa4 Rab7 43. Rb3 g5 44. Qc4 Qg7 45.
Qc2 Qf7 46. a5 1-0

[Event "S&WYM"]
[Site "Millfield School ENG"]
[Date "2002.07.14"]
[Round "6"]
[White "Haslinger,S"]
[Black "Broomfield,M"]
[Result "1-0"]
[WhiteElo "2310"]
[BlackElo "2229"]
[EventDate "2002.07.10"]

1. e4 Nf6 2. e5 Nd5 3. d4 d6 4. Nf3 g6 5. Bc4 c6 6. O-O Bg7 7. exd6 Qxd6 8.
h3 O-O 9. Bb3 b5 10. Re1 Bf5 11. a4 b4 12. Nbd2 a5 13. Qe2 Re8 14. Nc4 Qc7
15. Nce5 Nd7 16. Nxf7 Kxf7 17. g4 Bxg4 18. Ng5+ Kg8 19. hxg4 e5 20. Qf3
N7f6 21. dxe5 Rxe5 22. Bf4 Rxe1+ 23. Rxe1 Qd7 24. Re6 Rd8 25. Be5 Ne8 26.
Rxc6 Bxe5 27. Re6 Nec7 28. Rxe5 h6 29. Ne6 1-0

[Event "S&WYM"]
[Site "Millfield School ENG"]
[Date "2002.07.14"]
[Round "6"]
[White "Skjoldborg,J DEN"]
[Black "Woodward,T"]
[Result "0-1"]
[WhiteElo "2201"]
[BlackElo "2211"]
[EventDate "2002.07.10"]

1. e4 c6 2. d4 d5 3. Nc3 dxe4 4. Nxe4 Bf5 5. Ng3 Bg6 6. Nf3 Nd7 7. h4 h6 8.
Bd3 Bxd3 9. Qxd3 e6 10. Bd2 Ngf6 11. O-O-O Be7 12. Ne4 Nxe4 13. Qxe4 Nf6
14. Qe2 O-O 15. Ne5 Qxd4 16. f3 Nd5 17. Kb1 Bf6 18. Nd3 Rad8 19. g4 Qb6 20.
g5 Nc3+ 21. Bxc3 Bxc3 22. gxh6 gxh6 23. Ka1 Bf6 24. c3 Kh8 25. Qd2 Kh7 26.
Qf4 Bg7 27. Rhg1 Kh8 28. Rg2 e5 29. Qg4 Rg8 30. Qe4 Bf6 31. Rxg8+ Rxg8 32.
Nxe5 Rg1 33. Rb1 Rxb1+ 34. Kxb1 Qg1+ 0-1

[Event "S&WYM"]
[Site "Millfield School ENG"]
[Date "2002.07.15"]
[Round "7"]
[White "Pinter,G"]
[Black "Skytte,R"]
[Result "1/2-1/2"]
[WhiteElo "2381"]
[BlackElo "2366"]
[EventDate "2002.07.10"]

1. e4 d5 2. exd5 Qxd5 3. Nc3 Qa5 4. d4 Nf6 5. Nf3 Nc6 6. Bd2 Bg4 7. Bb5
O-O-O 8. Bxc6 bxc6 9. h3 Qh5 10. Qe2 Bxf3 11. gxf3 e6 12. O-O-O Kb7 13. Be3
Qa5 14. Kb1 Rb8 15. Rhg1 Kc8 16. Qc4 Nd5 17. Bd2 Nxc3+ 18. Bxc3 Qb5 19. Qd3
Qxd3 20. Rxd3 Rb5 21. Kc1 Rg8 22. Kd1 Rh5 23. f4 Be7 24. Ke2 g6 25. a3 Rf5
26. Bd2 Rd8 27. Be3 Rb5 28. Bc1 Bf6 29. Rgd1 Rh5 30. c3 a6 31. Kf1 Rhd5 32.
Ke2 Be7 33. R1d2 R8d7 34. Re3 Kd8 35. Rg3 Bf6 36. Rdd3 Ke8 37. Rgf3 Kf8 38.
Bd2 Kg7 39. Bc1 Rf5 40. Rg3 Kh6 41. Bd2 Kh5 42. Bc1 Rfd5 43. Bd2 Rd8 44.
Bc1 Rf5 45. Bd2 Kh6 46. Bc1 Kg7 47. Bd2 Kf8 48. Bc1 Ke7 49. Bd2 Bh4 50.
Rge3 Bf6 51. Rg3 1/2-1/2